|
|
|
|
| LEADER |
00000nas a2200000 4500 |
| 001 |
ssj0012637 |
| 003 |
WaSeSS |
| 005 |
20200512172242.0 |
| 006 |
m d |
| 007 |
cr n |
| 008 |
781109c19789999dcumr p s 0 a0eng c |
| 010 |
|
|
|a 79640019
|z 78001901
|
| 022 |
|
|
|l 0163-3945
|y 0163-3945
|
| 032 |
|
|
|a 373260
|b USPS
|
| 035 |
|
|
|a (WaSeSS)ssj0012637
|
| 037 |
|
|
|b National Guard Association of the United States, 1 Massachusetts Ave. N.W., Washington, D.C. 20001
|
| 040 |
|
|
|a NSD
|b eng
|c NSD
|d DLC
|d NST
|d DLC
|d OCLCQ
|d OCLCF
|d OCLCO
|d OCLCQ
|d WaSeSS
|
| 042 |
|
|
|a nsdp
|a pcc
|
| 043 |
|
|
|a n-us---
|
| 050 |
0 |
0 |
|a UA42
|b .N24
|
| 082 |
0 |
4 |
|a 355.3/7/0973
|
| 222 |
|
0 |
|a National guard
|b (Washington. 1978)
|
| 245 |
0 |
0 |
|a National guard
|h [electronic resource].
|
| 246 |
1 |
3 |
|a National guard magazine
|f Nov. 1978-
|
| 260 |
|
|
|a [Washington],
|b [National Guard Association of the United States]
|
| 310 |
|
|
|a Monthly
|
| 362 |
0 |
|
|a v. 32, no. 10- Nov. 1978-
|
| 500 |
|
|
|a "Official publication of the National Guard Association of the United States."
|
| 506 |
|
|
|a License restrictions may limit access.
|
| 650 |
|
7 |
|a Armed Forces.
|2 fast
|0 (OCoLC)fst00814586
|
| 651 |
|
0 |
|a United States
|x National Guard
|v Periodicals.
|
| 651 |
|
7 |
|a United States.
|2 fast
|0 (OCoLC)fst01204155
|
| 655 |
|
0 |
|a Electronic journals.
|
| 710 |
2 |
|
|a National Guard Association of the United States.
|
| 780 |
0 |
0 |
|t Guardsman
|c (Washington. 1975)
|x 0163-3953
|
| 850 |
|
|
|a DLC
|a NN
|
| 856 |
4 |
0 |
|z Full text available from Research Library: 01/01/1997 to present
|u https://search.proquest.com/publication/5813
|